000 01018nmc a2200349 a 4500
003 AR-BaBNM
005 20251128211625.0
008 025020s1997 ||||||||||||||000 | spa||
020 _a950-765-060-1
040 _cAR-BaBNM
100 1 _aConrad, Hy
245 1 0 _aCrímenes casi perfectos
260 _aBuenos Aires
_bJuegos
_c1997
300 0 _a95 p.
_bil.
490 0 _aGente de mente
_vv. 3
500 0 _aCasos policiales para que tú los resuelvas
500 0 _aIncluye 15 crímenes con pistas y soluciones
650 4 _aJUEGO
650 4 _aJUEGOS EDUCATIVOS
650 4 _aCUENTOS DE AVENTURAS
650 4 _aJUEGO [METODO DE ENSENANZA]
650 4 _aMETODOS ACTIVOS
650 4 _aACTIVIDADES DE APRENDIZAJE
650 4 _aPRUEBAS DE INTELIGENCIA
700 _aUribe, Diego
_eeditor
700 1 _aGandolfo, Elvio E.
_etraductor
700 1 _aCorvino, Lucy
_eilustrador
800 1 _aPoniachik, Jaime
_edirector
800 1 _aSamoilovich, Daniel
_edirector
942 _cBK
998 _cEugenia
999 _c20467
_d20467